Paleontología / (Record no. 17534)

MARC details
000 -LEADER
campo de control de longitud fija 00839nam a2200229 i 4500
001 - NÚMERO DE CONTROL
campo de control 17534
003 - IDENTIFICADOR DE NÚMERO DE CONTROL
campo de control ES-MaACL
005 - FECHA Y HORA DE LA ÚLTIMA TRANSACCIÓN
campo de control 20250814080952.0
007 - CAMPO FIJO DE DESCRIPCIÓN FÍSICA--INFORMACIÓN GENERAL
campo de control de longitud fija t|
008 - DATOS DE LONGITUD FIJA--INFORMACIÓN GENERAL
campo de control de longitud fija 010329m19791995sp ||||1| spa d
020 ## - NÚMERO INTERNACIONAL ESTÁNDAR DEL LIBRO
Número Internacional Estándar del Libro 84-283-0871-3
080 ## - NÚMERO DE LA CLASIFICACIÓN DECIMAL UNIVERSAL
Número de la Clasificación Decimal Universal 56(075.8)
100 1# - ENTRADA PRINCIPAL--NOMBRE DE PERSONA
Nombre de persona Meléndez, Bermudo,
Fechas asociadas al nombre 1912-1999
9 (RLIN) 79905
245 10 - MENCIÓN DEL TÍTULO
Título Paleontología /
Mención de responsabilidad, etc. Bermudo Meléndez.
260 ## - PUBLICACIÓN, DISTRIBUCIÓN, ETC.
Lugar de publicación, distribución, etc. Madrid :
Nombre del editor, distribuidor, etc. Paraninfo,
Fecha de publicación, distribución, etc. 1979-1995.
300 ## - DESCRIPCIÓN FÍSICA
Extensión 4 v. ;
Dimensiones 22 cm.
500 ## - NOTA GENERAL
Nota general El tomo IV de paleobotánica no se llegó a publicar.
505 8# - NOTA DE CONTENIDO CON FORMATO
Nota de contenido con formato Contiene: 1. Parte general e invertebrados (3ª ed. rev. y ampl.) -- 2. Vertebrados : peces, anfibios, reptiles y aves -- 3.1. Mamíferos (1ª parte) -- 3.2. Mamíferos (2ª parte)
650 07 - PUNTO DE ACCESO ADICIONAL DE MATERIA--TÉRMINO DE MATERIA
Término de materia o nombre geográfico como elemento de entrada Paleontología
Fuente del encabezamiento o término embne
9 (RLIN) 15808
852 ## - LOCALIZACIÓN
Ubicación ES-MaACL
Número de control de estantería L-12405-8
Sublocalización o colección R.104141
Holdings
Estatus retirado Estado de pérdida Estado de daño No para préstamo Biblioteca de origen Biblioteca actual Ubicación en estantería Fecha de adquisición Fuente de adquisición Total de préstamos Signatura topográfica completa Código de barras Visto por última vez Precio de reemplazo Tipo de ítem Koha
        Biblioteca del Ateneo de Madrid Biblioteca del Ateneo de Madrid Depósito 2 17/01/2008     L-12405-8 1017888 23/02/2023 23/02/2023 Libro impreso